Normal view
MARC view
Entry Personal Name
001 - CONTROL NUMBER
- control field: 2455
003 - CONTROL NUMBER IDENTIFIER
- control field: OSt
005 - DATE AND TIME OF LATEST TRANSACTION
- control field: 20250828100434.0
008 - FIXED-LENGTH DATA ELEMENTS
- fixed length control field: 250828|| aca||aabn | a|a d
040 ## - CATALOGING SOURCE
- Original cataloging agency: OSt
- Transcribing agency: OSt
100 ## - HEADING--PERSONAL NAME
- Personal name: Robert, S. Feldman
670 ## - SOURCE DATA FOUND
- Source citation: Work cat.: (OSt)3020: Robert, S. Feldman, Understanding Psychology, 2017
